000 01080nam a2200217 i 4500
001 161612
003 ES-MaACL
005 20230907165946.0
008 990629s1891 sp g |||| | spa d
040 _aCCPB | B
_bspa
_cCCPB | B
100 1 _aPedrell, Felipe,
_d1841-1922
_989905
245 1 0 _aPor nuestra música
_b: algunas observaciones sobre la magna cuestión de una escuela lírico nacional, motivadas por la Trilogía (tres cuadros y un prólogo) Los Pirineos, poema de D. Víctor Balaguer, música del que suscribe /
_cy expuestas por Felipe Pedrell.
260 _aBarcelona :
_b[s.n.],
_c1891 (
_fImp. de Henrich y Cª)
300 _a134 p. :
_bmúsica ;
_c20 cm.
530 _aDisponible en formato digital.
600 1 7 _aPedrell, Felipe,
_d1841-1922
_2embne
_989905
700 1 _aBalaguer, Víctor,
_d1824-1901
_924806
852 _aES-MaACL
_jT-584-F-4
_z-- Enc. hol., conservando la cub. original
_z-- Enc. en un vol. facticio
856 _uhttp://bdh-rd.bne.es/viewer.vm?id=0000047387&page=1
_zBiblioteca Digital Hispánica
999 _c161612
_d161612